Statistics for Honest - Baby Keem

Click here to take the quiz!

General Stats

  • This quiz has been taken 142 times
  • The average score is 211 of 322

Answer Stats

Answer% Correct
a
98%
i
98%
I
98%
be
93%
Be
93%
honest
91%
honest?
91%
half
89%
Half
89%
past
88%
twelve
88%
you
88%
all
87%
alone
86%
was
86%
can't
83%
to
83%
I'm
82%
i'm
82%
fuck
81%
my
81%
on
81%
compromised
79%
ex
79%
apologize
78%
and
76%
fuckin'
76%
ain't
74%
the
73%
we
72%
always
71%
'Cause
71%
'cause
71%
in
70%
right
70%
way
70%
too
69%
are
68%
young
68%
another
66%
it
65%
let
61%
who
60%
flight
59%
girl
59%
let's
57%
living
55%
face
54%
love
54%
so
54%
get
53%
home
53%
just
53%
with
53%
that
52%
time
52%
pass
51%
threw
51%
been
50%
fight
50%
guy?
50%
is
50%
Is
50%
little
50%
tonight
50%
at
49%
felt
49%
me
49%
arguments
48%
need
48%
start
48%
good
47%
there
47%
You're
47%
had
46%
of
46%
away
43%
baby
41%
do
41%
mind
41%
piece
41%
check
40%
come
40%
not
40%
move
38%
bit
37%
keem
36%
don't
35%
pocket
35%
shit
34%
like
32%
she
32%
chosen
31%
sex
31%
it's
30%
hellcat
29%
wanna
29%
lil'
28%
frozen
27%
stolen
27%
famous
26%
never
26%
orange
26%
red
26%
soda
26%
stripes
26%
Toyota
26%
last
23%
night
23%
her
22%
that's
22%
treat
21%
brands
20%
okay
20%
feet
19%
needed
19%
put
18%
winter
17%
out
16%
room
15%
air
14%
favourite
13%
work
10%
funckin'
1%

Score Distribution

Percentile by Number Answered

Percent of People with Each Score

Your Score History

You have not taken this quiz